Library Banner

Fundamentals of advanced accounting (Record no. 83315)

MARC details
000 -LEADER
fixed length control field 00589nam a2200217Ia 4500
001 - CONTROL NUMBER
control field 70875
008 - FIXED-LENGTH DATA ELEMENTS--GENERAL INFORMATION
fixed length control field 160226s9999 xx 000 0 und d
020 ## - INTERNATIONAL STANDARD BOOK NUMBER
International Standard Book Number 9781259095597
040 ## - CATALOGING SOURCE
Transcribing agency PK-LaUMT
082 ## - DEWEY DECIMAL CLASSIFICATION NUMBER
Classification number 657.046
Item number HOY-F
100 ## - MAIN ENTRY--PERSONAL NAME
Personal name Hoyle, Joe B.
245 ## - TITLE STATEMENT
Title Fundamentals of advanced accounting
Statement of responsibility, etc Hoyle, Joe B.|Schaefer, Thomas F.|Doupnik, Timothy S.
250 ## - EDITION STATEMENT
Edition statement 6th
260 ## - PUBLICATION, DISTRIBUTION, ETC. (IMPRINT)
Place of publication, distribution, etc New York,USA:
Name of publisher, distributor, etc McGraw-Hill,
Date of publication, distribution, etc 2013
300 ## - PHYSICAL DESCRIPTION
Extent 623 p.
546 ## - LANGUAGE NOTE
Language note EN
650 ## - SUBJECT ADDED ENTRY--TOPICAL TERM
Topical term or geographic name as entry element Advanced accounting
700 ## - ADDED ENTRY--PERSONAL NAME
Personal name Doupnik, Timothy S.
700 ## - ADDED ENTRY--PERSONAL NAME
Personal name Schaefer, Thomas F.
942 ## - ADDED ENTRY ELEMENTS (KOHA)
Koha item type Books
Holdings
Withdrawn status Lost status Damaged status Not for loan Home library Current library Date acquired Total Checkouts Full call number Barcode Date last seen Date checked out Price effective from Koha item type
        UMT Main Campus UMT Main Campus 2016-02-26 2 657.046 HOY-F 97405 2021-09-02 2021-08-23 2016-02-26 Books